000 00643nam a22001937a 4500
003 0
005 20160609165950.0
008 101104t xxu||||| |||| 00| 0 eng d
040 _aBUAC
_cBEPAC
100 _aAssogba , Pierrot Y.
_910448
130 _lfr
_910449
245 _aSerodiagnostic de widal et coproculture chez les patients en consultation dans les services de pediatrie et de médecine de l'hôpital St Luc de Cotonou
260 _aUAC-EPAC
_bUAC-EPAC
_c2006
300 _aXXII-88p.
650 _aSERODIAGNOSTIC
_bWIDAL
_910450
650 _aPEDIATRIE
_bMEDECINE
_910451
700 _aAdonon , Bernadine A.T.
_910452
942 _cTHE
999 _c48079
_d48079